| Tag |
First Indicator |
Second Indicator |
Subfields |
| LEADER |
00000cas a2200000 4500 |
| 001 |
in00000060107 |
| 005 |
20151008051600.0 |
| 008 |
760107d19762010sdubr1p 0 a0eng d |
| 010 |
|
|
|a 76649760
|
| 022 |
|
|
|a 0145-6180
|
| 035 |
|
|
|a (OCoLC)01915005
|
| 035 |
|
|
|9 AAG8799AM
|
| 037 |
|
|
|b Executive Secretary, University of South Dakota Libraries, 57069
|
| 040 |
|
|
|a PIT
|c PIT
|d PIT
|d SUL
|d PIT
|d NSD
|d DLC
|d OCL
|d TXA
|d UtOrBLW
|
| 042 |
|
|
|a lc
|a nsdp
|
| 043 |
|
|
|a n-usp--
|
| 049 |
|
|
|a TXAE
|
| 050 |
0 |
0 |
|a Z671
|b .M76
|
| 082 |
0 |
|
|a 021/.00978
|
| 222 |
|
0 |
|a MPLA newsletter
|b (1975)
|
| 245 |
0 |
0 |
|a MPLA Newsletter.
|
| 246 |
3 |
|
|a Mountain Plains Library Association newsletter
|
| 264 |
|
1 |
|a Vermillion, S.D. :
|b MPLA.
|
| 300 |
|
|
|a 35 volumes :
|b illustrations ;
|c 28 cm.
|
| 310 |
|
|
|a Bimonthly
|
| 336 |
|
|
|a text
|b txt
|2 rdacontent
|
| 337 |
|
|
|a unmediated
|b n
|2 rdamedia
|
| 338 |
|
|
|a volume
|b nc
|2 rdacarrier
|
| 362 |
1 |
|
|a Began with: vol. 20, no. 1 (1975/76); ceased with: vol. 54, no. 4 (Feb. 2010).
|
| 588 |
|
|
|a Latest issue consulted: vol. 54, no. 4 (Feb. 2010).
|
| 650 |
|
0 |
|a Libraries
|z West (U.S.)
|x Periodicals.
|
| 710 |
2 |
|
|a Mountain Plains Library Association.
|
| 730 |
0 |
|
|a Mountain/Plains Association quarterly.
|
| 776 |
0 |
8 |
|i Online version:
|a Mountain Plains Library Association.
|t MPLA newsletter
|w (OCoLC)676864004
|
| 780 |
0 |
0 |
|t Mountain/Plains Library Association quarterly
|w (OCoLC)2255420
|
| 785 |
0 |
0 |
|a Mountain Plains Library Association.
|t MPLA newsletter
|w (OCoLC)676864004
|
| 949 |
|
|
|a updated
|b h
|c 2011/1/27
|e coplinger
|f 12:08:38 pm
|g cease
|
| 999 |
|
|
|a MARS
|
| 999 |
f |
f |
|s b9a59ecd-e5da-30cd-bfa2-1bbf07f9853e
|i 7a6ebda1-dbfb-3d20-96b6-f328322185a1
|t 0
|
| 952 |
f |
f |
|p ric
|a Texas A&M University
|b Rellis Campus
|c Joint Library Facility
|d Remote Storage
|t 0
|e Z671 .M76
|h Library of Congress classification
|i unmediated -- volume
|k v.46-47:no.2-6
|l 2001/2003:Aug.-June, Aug.-Oct.
|m A14831822149
|
| 952 |
f |
f |
|p ric
|a Texas A&M University
|b Rellis Campus
|c Joint Library Facility
|d Remote Storage
|t 0
|e Z671 .M76
|h Library of Congress classification
|i unmediated -- volume
|k v.40-41
|l 1995/1997
|m A14822163376
|
| 952 |
f |
f |
|p ric
|a Texas A&M University
|b Rellis Campus
|c Joint Library Facility
|d Remote Storage
|t 0
|e Z671 .M76
|h Library of Congress classification
|i unmediated -- volume
|k v.52
|l 2007/2008
|m A14838470600
|
| 952 |
f |
f |
|p ric
|a Texas A&M University
|b Rellis Campus
|c Joint Library Facility
|d Remote Storage
|t 0
|e Z671 .M76
|h Library of Congress classification
|i unmediated -- volume
|k v.42-43
|l 1997/1999
|m A14825376978
|
| 952 |
f |
f |
|p ric
|a Texas A&M University
|b Rellis Campus
|c Joint Library Facility
|d Remote Storage
|t 0
|e Z671 .M76
|h Library of Congress classification
|i unmediated -- volume
|k v.20-21
|l 1975-1976
|m A14811348515
|
| 952 |
f |
f |
|p ric
|a Texas A&M University
|b Rellis Campus
|c Joint Library Facility
|d Remote Storage
|t 0
|e Z671 .M76
|h Library of Congress classification
|i unmediated -- volume
|k v.32-33
|l 1987/1989
|m A14812025160
|
| 952 |
f |
f |
|p ric
|a Texas A&M University
|b Rellis Campus
|c Joint Library Facility
|d Remote Storage
|t 0
|e Z671 .M76
|h Library of Congress classification
|i unmediated -- volume
|k v.53
|l 2008/2009
|m A14834827839
|
| 952 |
f |
f |
|p ric
|a Texas A&M University
|b Rellis Campus
|c Joint Library Facility
|d Remote Storage
|t 0
|e Z671 .M76
|h Library of Congress classification
|i unmediated -- volume
|k v.51
|l 2006/2007
|m A14837126216
|
| 952 |
f |
f |
|p ric
|a Texas A&M University
|b Rellis Campus
|c Joint Library Facility
|d Remote Storage
|t 0
|e Z671 .M76
|h Library of Congress classification
|i unmediated -- volume
|k v.34-35
|l 1989/1991
|m A14815535928
|
| 952 |
f |
f |
|p ric
|a Texas A&M University
|b Rellis Campus
|c Joint Library Facility
|d Remote Storage
|t 0
|e Z671 .M76
|h Library of Congress classification
|i unmediated -- volume
|k v.36-37
|l 1991/1993
|m A14818813333
|
| 952 |
f |
f |
|p ric
|a Texas A&M University
|b Rellis Campus
|c Joint Library Facility
|d Remote Storage
|t 0
|e Z671 .M76
|h Library of Congress classification
|i unmediated -- volume
|k v.30-31
|l 1985/1987
|m A14809059362
|
| 952 |
f |
f |
|p ric
|a Texas A&M University
|b Rellis Campus
|c Joint Library Facility
|d Remote Storage
|t 0
|e Z671 .M76
|h Library of Congress classification
|i unmediated -- volume
|k v.48-49
|l 2003/2005
|m A14842798317
|
| 952 |
f |
f |
|p ric
|a Texas A&M University
|b Rellis Campus
|c Joint Library Facility
|d Remote Storage
|t 0
|e Z671 .M76
|h Library of Congress classification
|i unmediated -- volume
|k v.22-23
|l 1977/1979
|m A14838674351
|
| 952 |
f |
f |
|p ric
|a Texas A&M University
|b Rellis Campus
|c Joint Library Facility
|d Remote Storage
|t 0
|e Z671 .M76
|h Library of Congress classification
|i unmediated -- volume
|k v.44-45
|l 1999/2001
|m A14828189087
|
| 952 |
f |
f |
|p ric
|a Texas A&M University
|b Rellis Campus
|c Joint Library Facility
|d Remote Storage
|t 0
|e Z671 .M76
|h Library of Congress classification
|i unmediated -- volume
|k v.54:no.1-4
|l 2009/2010:Aug.-Feb.
|m A14834827871
|
| 952 |
f |
f |
|p ric
|a Texas A&M University
|b Rellis Campus
|c Joint Library Facility
|d Remote Storage
|t 0
|e Z671 .M76
|h Library of Congress classification
|i unmediated -- volume
|k v.24-25
|l 1979/1981
|m A14838674369
|
| 952 |
f |
f |
|p ric
|a Texas A&M University
|b Rellis Campus
|c Joint Library Facility
|d Remote Storage
|t 0
|e Z671 .M76
|h Library of Congress classification
|i unmediated -- volume
|k v.28-29
|l 1983/1985
|m A14838674385
|
| 952 |
f |
f |
|p ric
|a Texas A&M University
|b Rellis Campus
|c Joint Library Facility
|d Remote Storage
|t 0
|e Z671 .M76
|h Library of Congress classification
|i unmediated -- volume
|k v.38-39
|l 1993/1995
|m A14820708201
|
| 952 |
f |
f |
|p ric
|a Texas A&M University
|b Rellis Campus
|c Joint Library Facility
|d Remote Storage
|t 0
|e Z671 .M76
|h Library of Congress classification
|i unmediated -- volume
|k v.26-27
|l 1981/1983
|m A14838674377
|
| 952 |
f |
f |
|p ric
|a Texas A&M University
|b Rellis Campus
|c Joint Library Facility
|d Remote Storage
|t 0
|e Z671 .M76
|h Library of Congress classification
|i unmediated -- volume
|k v.50
|l 2005/2006
|m A14837133491
|
| 998 |
f |
f |
|a Z671 .M76
|s v.54:no.1-4 (2009/2010:Aug.-Feb.)
|t 0
|l Remote Storage
|